Leonora /

Hlavní autor: Schlaf, Johannes, 1862-1941
Jazyk: Čeština
Vydáno: [Praha] : F. Adámek, 1907
Edice: Moderní bibliotéka (F. Adámek)
Fyzický popis: 69, 3 s. ; 12°
Knihy
Uloženo v:
LEADER 00849nam a22002532a 4500
001 001109207
003 CZ BrMZK
005 20110210093119.0
007 ta
008 100808s1907 xr er|||||||||||cze d
015 |a cnb000899875 
040 |a ABA001  |b cze  |c LIA001  |d BOA001 
041 1 |a cze  |h und 
100 1 |a Schlaf, Johannes,  |d 1862-1941  |7 jn20010316179  |4 aut 
245 1 0 |a Leonora /  |c napsal Johannes Schlaf ; přeložil Karel Kamínek ; úvod a bibliografii J. Schlafa napsal Arne Novák 
260 |a [Praha] :  |b F. Adámek,  |c 1907 
300 |a 69, 3 s. ;  |c 12° 
490 1 |a Moderní bibliotéka ;  |v roč. 5, kn. 9 
830 0 |a Moderní bibliotéka (F. Adámek)  |0 s 
910 |a BOA001  |b 1-0243.708 
990 |a BK 
993 |a Y 
991 |b 201008 
996 6 |b 2619371133  |c 1-0243.708  |l MZK  |r Sklad / do 1 hodiny  |n 0  |w 001136567  |u 000010  |a 1  |e BOA001  |j MZK50  |s P